Un día en horrorlandia / (Record no. 20748)

MARC details
000 -LEADER
fixed length control field 01364cam a2200397Ia 4500
001 - CONTROL NUMBER
control field sjds1051694
003 - CONTROL NUMBER IDENTIFIER
control field sjds
005 - DATE AND TIME OF LATEST TRANSACTION
control field 20180523161801.0
008 - FIXED-LENGTH DATA ELEMENTS--GENERAL INFORMATION
fixed length control field 980505t19951995nyu j 000 1 spa d
020 ## - INTERNATIONAL STANDARD BOOK NUMBER
International Standard Book Number 0590538160 (pbk.)
Terms of availability $3.99
020 ## - INTERNATIONAL STANDARD BOOK NUMBER
International Standard Book Number 9780590538169 (pbk.)
035 ## - SYSTEM CONTROL NUMBER
System control number 147231
035 ## - SYSTEM CONTROL NUMBER
System control number (OCoLC)39066057
035 ## - SYSTEM CONTROL NUMBER
System control number 147231
040 ## - CATALOGING SOURCE
Original cataloging agency UUP
Transcribing agency UUP
Modifying agency XY4
-- BTCTA
-- IFA
-- UtOrBLW
041 ## - LANGUAGE CODE
Language code of text/sound track or separate title spa
Language code of original eng
049 ## - LOCAL HOLDINGS (OCLC)
Holding library IFAA
100 1# - MAIN ENTRY--PERSONAL NAME
Personal name Stine, R. L.,
Relator term author.
240 10 - UNIFORM TITLE
Uniform title <a href="One day at horrorland.">One day at horrorland.</a>
Language of a work Spanish
245 13 - TITLE STATEMENT
Title Un día en horrorlandia /
Statement of responsibility, etc. R.L. Stine.
260 ## - PUBLICATION, DISTRIBUTION, ETC. (IMPRINT)
Place of publication, distribution, etc. New York :
Name of publisher, distributor, etc. Scholastic,
Date of publication, distribution, etc. c1995
264 #1 - PRODUCTION, PUBLICATION, DISTRIBUTION, MANUFACTURE, AND COPYRIGHT NOTICE
Place of production, publication, distribution, manufacture New York :
Name of producer, publisher, distributor, manufacturer Scholastic,
Date of production, publication, distribution, manufacture, or copyright notice [1995]
264 #4 - PRODUCTION, PUBLICATION, DISTRIBUTION, MANUFACTURE, AND COPYRIGHT NOTICE
Date of production, publication, distribution, manufacture, or copyright notice c1995
300 ## - PHYSICAL DESCRIPTION
Extent 134 pages ;
Dimensions 20 cm.
336 ## - CONTENT TYPE
Content type term text
Content type code txt
Source rdacontent
337 ## - MEDIA TYPE
Media type term unmediated
Media type code n
Source rdamedia
338 ## - CARRIER TYPE
Carrier type term volume
Carrier type code nc
Source rdacarrier
490 1# - SERIES STATEMENT
Series statement Escalofrios ;
500 ## - GENERAL NOTE
General note "An Apple paperpack."
520 ## - SUMMARY, ETC.
Summary, etc. Horrorland--it's the coolest theme park ever. No crowds, no lines, and the rides are to die for. But it's the people in the monster costumes that are really great. They seem so real...
526 0# - STUDY PROGRAM INFORMATION NOTE
Program name Accelerated Reader
Interest level MG
Reading level 3.4
Title point value 3.0
Public note 9619SP
650 #0 - SUBJECT ADDED ENTRY--TOPICAL TERM
Topical term or geographic name as entry element Horror tales
Form subdivision Juvenile literature.
650 #7 - SUBJECT ADDED ENTRY--TOPICAL TERM
Topical term or geographic name as entry element Cuentos populares de terror
Form subdivision Literatura juvenil.
Source of heading or term bidex
800 1# - SERIES ADDED ENTRY--PERSONAL NAME
Personal name Stine, R. L.
Title of a work Goosebumps.
Language of a work Spanish.
942 ## - ADDED ENTRY ELEMENTS (KOHA)
Koha item type Libro/Book
Holdings
Withdrawn status Lost status Source of classification or shelving scheme Damaged status Not for loan Home library Current library Date acquired Total Checkouts Barcode Date last seen Date checked out Price effective from Koha item type
    Dewey Decimal Classification     San Juan Del Sur -- Biblioteca San Juan Del Sur -- Biblioteca 15/05/2019 2 30008959 03/09/2019 06/08/2019 15/05/2019 Libro/Book

Powered by Koha